Between you and me (Record no. 63640)
[ view plain ]
| 000 -LEADER | |
|---|---|
| fixed length control field | 00923cam a2200229 4500 |
| 001 - CONTROL NUMBER | |
| control field | ABS62300 |
| 008 - FIXED-LENGTH DATA ELEMENTS--GENERAL INFORMATION | |
| fixed length control field | 000000n2000 000 0 eng u |
| 035 ## - SYSTEM CONTROL NUMBER | |
| System control number | (Sirsi) u106263 |
| 100 ## - MAIN ENTRY--PERSONAL NAME | |
| Personal name | Skelton, N. |
| 245 ## - TITLE STATEMENT | |
| Title | Between you and me |
| 260 ## - PUBLICATION, DISTRIBUTION, ETC. | |
| Date of publication, distribution, etc. | 2000 |
| 490 ## - SERIES STATEMENT | |
| Series statement | Solicitors' Journal |
| Volume/sequential designation | 144(18) 12 May 2000, 448(1) |
| 520 ## - SUMMARY, ETC. | |
| Summary, etc. | Considers the concept of client confidentiality, and the fiduciary duties and additional statutes governing professionals' activities on behalf of clients and with third parties. Urges the exercise of vigilance before acting upon 'market information' or that received 'off the record'. |
| 590 ## - LOCAL NOTE (RLIN) | |
| Local note | ABS |
| 650 ## - SUBJECT ADDED ENTRY--TOPICAL TERM | |
| Topical term or geographic name entry element | CLIENT CONFIDENTIALITY |
| 650 ## - SUBJECT ADDED ENTRY--TOPICAL TERM | |
| Topical term or geographic name entry element | SATNAM INVESTMENTS LTD V DUNLOP AND HEYWOOD & CO LTD |
| 650 ## - SUBJECT ADDED ENTRY--TOPICAL TERM | |
| Topical term or geographic name entry element | FIDUCIARY DUTIES |
| 650 ## - SUBJECT ADDED ENTRY--TOPICAL TERM | |
| Topical term or geographic name entry element | MARKET INFORMATION |
| 650 ## - SUBJECT ADDED ENTRY--TOPICAL TERM | |
| Topical term or geographic name entry element | ROYAL BRUNEI AIRLINES SDN BHD V TAN |
| 690 ## - LOCAL SUBJECT ADDED ENTRY--TOPICAL TERM (OCLC, RLIN) | |
| Topical term or geographic name as entry element | PROPERTY-COMMERCIAL PROPERTY |
| 942 ## - ADDED ENTRY ELEMENTS (KOHA) | |
| Suppress in OPAC | 0 |
| Withdrawn status | Lost status | Source of classification or shelving scheme | Damaged status | Not for loan | Home library | Current library | Shelving location | Date acquired | Total Checkouts | Full call number | Barcode | Date last seen | Copy number | Price effective from | Koha item type |
|---|---|---|---|---|---|---|---|---|---|---|---|---|---|---|---|
| Dewey Decimal Classification | London | London | Journal article | 06/06/2000 | ABS62300 | 106263-1001 | 06/08/2019 | 1 | 06/08/2019 | Journal article |